| 000 | 00663nac a22001931u 4500 | ||
|---|---|---|---|
| 010 | _a 96035305 | ||
| 020 | _a007049729X | ||
| 082 | 0 | 0 |
_a690.03 _bPHI |
| 090 |
_c6090 _d6090 |
||
| 100 | _aPhilbin, Tom, | ||
| 245 | 1 | 4 |
_aThe illustrated dictionary of building terms / _cTom Philbin. |
| 260 |
_aNew York : _bMcGraw-Hill,c1997. _cc1997. |
||
| 300 |
_av, 249 p. : _bill. ; _c23 cm. |
||
| 500 | _aDistributer: Al-Ahram. | ||
| 511 | _aCatalogued By: Mahitab. | ||
| 650 | 0 |
_aBuilding _xDictionaries. |
|
| 856 | 4 | 2 |
_3Publisher description _uhttp://www.loc.gov/catdir/description/mh022/96035305.html |
| 942 |
_cBB _k690.03PHI |
||
| 999 |
_c6090 _d6090 |
||